00408pab a2200157 454500008004000000100002000040245006700060260000900127300001400136362000800150650000800158650001500166700001600181700001900197773003400216180718b2009 xxu||||| |||| 00| 0 eng d aRobinson, Piers aUK media and media management during the 2003 invasion of Iraq c2009 ap.678-88. aJan aWar aMass media aParry, Katy aGoddard, Peter aAmerican Behavioral Scientist